| 000 -CABECERA |
| Campo de control de longitud fija |
00628nam a22001697a 4500 |
| 005 - FECHA Y HORA DE LA ÚLTIMA TRANSACCIÓN |
| Campo de control |
20240709104839.0 |
| 008 - CAMPO FIJO DE DESCRIPCIÓN FIJA--INFORMACIÓN GENERAL |
| Campo de control de longitud fija |
240709b ||||| |||| 00| 0 eng d |
| 020 ## - ISBN (INTERNATIONAL STANDARD BOOK NUMBER) |
| ISBN |
9788412849103 |
| 040 ## - FUENTE DE CATALOGACIÓN |
| Agencia de catalogación original |
CDMR |
| Agencia que realiza la modificación |
CDMR |
| 100 ## - ENCABEZAMIENTO PRINCIPAL--NOMBRE PERSONAL |
| 9 (RLIN) |
4956 |
| Nombre de persona |
Torrents-Faura, Juan Pablo |
| 245 ## - MENCIÓN DE TÍTULO |
| Título |
Commemoració dels 40 anys |
| Parte restante del título |
: recopilació dels actes de l'aniversari de l'Associació Catalana de la Premsa Comarcal |
| Mención de responsabilidad, etc. |
/ Juan Pablo Torrents-Faura |
| 260 ## - PUBLICACIÓN, DISTRIBUCIÓN, ETC (PIE DE IMPRENTA) |
| Lugar de publicación, distribución, etc. |
Barcelona : |
| Nombre del editor, distribuidor, etc. |
ACPC, |
| Fecha de publicación, distribución, etc. |
2024 |
| 300 ## - DESCRIPCIÓN FÍSICA |
| Extensión |
145 pàgines |
| 650 #0 - ASIENTO SECUNDARIO DE MATERIA--TÉRMINO DE MATERIA |
| 9 (RLIN) |
3717 |
| Nombre de materia o nombre geográfico como elemento de entrada |
Premsa comarcal |
| Subdivisión geográfica |
Catalunya |
| Subdivisión cronológica |
1982-2022 |
| 710 1# - ENCABEZAMIENTO SECUNDARIO--NOMBRE CORPORATIVO |
| 9 (RLIN) |
3633 |
| Nombre corporativo o de jurisdicción como elemento de entrada |
Associació Catalana de la Premsa Comarcal |
| 942 ## - ELEMENTOS KOHA |
| Fuente de clasificación o esquema de ordenación en estanterías |
|
| Koha tipo de item |
Monografies |